Quiz-PNL - Statistics

General Stats
  • This quiz has been taken 336 times
  • The average score is 12 of 15
Answer Stats
Question Answer % Correct
Quel nom de pays en guerre a pour titre une de leur musique ? Gaza
96%
Quel organe est représenté sur leur premier album ? Coeur
94%
Quel est leur nom de famille ? Andrieu
89%
Quel est le dernier album qu'ils ont sorti ? Deux frères
88%
Où ont-ils grandi ? Corbeil-Essones
86%
Quel est le vrai prénom de N.O.S ? Nabil
85%
Quel son fait partie de l'album "Dans la Légende" ? Bambina
81%
Quel est le vrai prénom de Ademo ? Tarik
81%
Quel son fait partie de l'album "Le Monde Chico" ? Le M
78%
Quel est le premier album qu'ils ont sorti ? Que la Famille
78%
Quel est leur titre le plus streamé ? Au DD
74%
Quel son fait partie de l'album "Que la Famille" ? Lala
72%
Quel album a été le plus streamé ? Deux Frères
58%
Quel est le prénom de leur petit frère ? Yanis
52%
Quels sont les mois de naissance de N.O.S et de Ademo ? Avril-Décembre
42%
No matching quizzes found
Score Distribution
Percent of People with Each Score
Percentile by Number Answered
Your Score History
You have not taken this quiz